000 00838cam a22002654a 4500
001 13495028
005 20250120125324.0
008 040219s2005 ohua b 001 0 eng
020 _a0324223102 (package)
020 _a032422589X (text)
020 _a0324225903 (CDROM)
020 _a0324318901 (ISE package)
020 _a032431891X (ISE text)
020 _a9780324223101
050 0 0 _aHF5567
_b.R658 2005
082 0 0 _a657/.45
_222
100 1 _aRittenberg, Larry E.
245 1 0 _aAuditing :
_bconcepts for a changing environment /
_cLarry E. Rittenberg, Bradley J. Schwieger.
250 _a5th ed.
260 _aMason, Ohio :
_bThomson/South-Western,
_cc2005.
300 _axxix, 788 p. :
_bill. ;
_c29 cm. +
_e1 CD-ROM (4 3/4 in.)
650 0 _aAuditing.
700 1 _aSchwieger, Bradley J.
942 _2lcc
_cBK
_e5th Ed.
_n0
999 _c2720
_d2720